Scientific method : optimizing applied research decisions /
Guardado en:
| Autor Principal: | |
|---|---|
| Formato: | Libro |
| Idioma: | English |
| Publicado: |
New York :
Wiley,
[1962]
|
| Materias: | |
| Etiquetas: |
Agregar Etiqueta
Sin Etiquetas, Sea el primero en etiquetar este registro!
|
| LEADER | 00731cam a22002171a 4500 | ||
|---|---|---|---|
| 001 | MAT.inmabb005801 | ||
| 008 | 721220s1962####nyua#####b####000#0#eng## | ||
| 005 | 20170612125723.0 | ||
| 245 | 1 | 0 | |a Scientific method : |b optimizing applied research decisions / |c With the collaboration of Shiv K. Gupta and J. Sayer Minas. |
| 260 | |a New York : |b Wiley, |c [1962] | ||
| 300 | |a 464 p. : |b il. ; |c 24 cm. | ||
| 504 | |a Includes bibliography. | ||
| 510 | 4 | |a MR, |c 25 #3599 | |
| 100 | 1 | |a Ackoff, Russell Lincoln, |d 1919- | |
| 650 | 0 | |a Operations research. | |
| 650 | 0 | |a Methodology. | |
| 650 | 0 | |a Decision-making. | |
| 084 | |a 62.30 (00.00) |2 MR | ||
| 010 | |a 62010914 | ||
| 040 | |a DLC |c ODaWU |d OCoLC |d Uk |d DLC | ||
| 859 | |h 62 |i Ac182 |p A-4249 |b BIB. MATEMATICA | ||
